IFM Opac

Management (Record no. 22154)

MARC details
000 -LEADER
fixed length control field 00333nam a22001457a 4500
020 ## - INTERNATIONAL STANDARD BOOK NUMBER
ISBN 978-1-292-34088-3
082 ## - DEWEY DECIMAL CLASSIFICATION NUMBER
Classification number 658
100 ## - MAIN ENTRY--AUTHOR NAME
Personal name Robbins, Stephen P.
245 ## - TITLE STATEMENT
Title Management
250 ## - EDITION STATEMENT
Edition statement 15th
260 ## - PUBLICATION, DISTRIBUTION, ETC. (IMPRINT)
Place of publication Harlow:
Name of publisher Pearson,
Year of publication 2021
300 ## - PHYSICAL DESCRIPTION
Number of Pages 618p.: ill.; 28cm
700 ## - ADDED ENTRY--PERSONAL NAME
Personal name Coulter, Marry & Randel, Amy
942 ## - ADDED ENTRY ELEMENTS (KOHA)
Koha item type Books
Holdings
Withdrawn status Lost status Damaged status Not for loan Collection code Permanent Location Current Location Shelving location Date acquired Source of acquisition Full call number Accession Number Price effective from Koha item type
        Non-fiction IFM Main Campus Library IFM Main Campus Library Work Room processing 01/14/2026 Purchased 658 ROB 0000030363 01/14/2026 Books
        Non-fiction IFM Main Campus Library IFM Main Campus Library Work Room processing 01/14/2026 Purchased 658 ROB 0000030365 01/14/2026 Books
        Non-fiction IFM Main Campus Library IFM Main Campus Library Work Room processing 01/14/2026 Purchased 658 ROB 0000030364 01/14/2026 Books